000
00224nam a22000977a 4500
100
_a
Basu,Anjana
_9
79881
245
_a
In the Shadow of The Leaves
260
_a
Delhi
_b
TERI
_c
2017
650
_a
Children Book
_9
79882
942
_c
BK
999
_c
63434
_d
63434